Oxford textbook of functional anatomy

Αποθηκεύτηκε σε:
Λεπτομέρειες βιβλιογραφικής εγγραφής
Κύριος συγγραφέας: Pamela MacKinnon
Μορφή: Βιβλίο
Γλώσσα:Undetermined
Έκδοση: Oxford Oxford Univ. Press 1993
Θέματα:
Ετικέτες: Προσθήκη ετικέτας
Δεν υπάρχουν, Καταχωρήστε ετικέτα πρώτοι!
Thư viện lưu trữ: Trung tâm Học liệu Trường Đại học Cần Thơ
LEADER 00473nam a2200169Ia 4500
001 CTU_48880
008 210402s9999 xx 000 0 und d
082 |a 611 
082 |b M158/Vol.2 
100 |a Pamela MacKinnon 
245 0 |a Oxford textbook of functional anatomy 
245 0 |c Pamela MacKinnon, John Morris 
260 |a Oxford 
260 |b Oxford Univ. Press 
260 |c 1993 
650 |a human anatomy 
980 |a Trung tâm Học liệu Trường Đại học Cần Thơ